LEADER 01183nam a2200193 i 4500 001 000000054773 003 CaOOAMICUS 005 19970603000000.0 008 970603n xx u000 u eng u 013 $a25945 040 $aSeMil$bita 100 1 $aCorboy, Jacobus J.,$c.$0(OLS)http://semarc/name/27352 245 14$aThe doctrine of the infallibility of the Pope in Bellarmine and his influence on the definition in the Vatican Council. Roma :$b[s.n.], 1961. ((Excerpta ex dissertatione ad Lauream in Facultate Theologica Pontificiae Universitatis Gregorianae. 600 14$aBellarmino, Roberto .$0(OLS)http://semarc/subject/2597 650 4$aTesi di laurea.$0(OLS)http://semarc/subject/1690 650 4$aPapato - Infallibilitą.$0(OLS)http://semarc/subject/8957 850 $aSeMil 852 $aSeMil$W1$xVenegono$y1$m2I II 136$j20927$B20927$CSeMilBibl$Z2$F20929 $81 996 $6245$aThe doctrine of the infallibility of the Pope in Bellarmine and his influence on the definition in the Vatican Council. Roma :$b[s.n.], 1961. ((Excerpta ex dissertatione ad Lauream in Facultate Theologica Pontificiae Universitatis Gregorianae.$9(OLS)http://semarc/title/84866 LEADER 01016nam a2200217 i 4500 001 000000218079 003 CaOOAMICUS 005 20260220151200.0 008 130114s2012 it u000 u ita u 040 $aSeMil$bita 245 13$aIl contributo italiano alla storia del pensiero: Economia. 300 $aXXXIX, 782 p., LVI p. di tav. :$bill. 650 4$aEconomia - Enciclopedie e dizionari.$0(OLS)http://semarc/subject/1033 773 0 $tOttava appendice.$dRoma : Istituto della Enciclopedia Italiana, 2012-2013.$z978-88-12-00089-0$w()27918 850 $aSeMil 852 $aSeMil$W1$xVenegono$y1$m1AA VI 5/4$j267453$B168492$CSeMilBibl$Z2$F182545 $8I 852 $aSeMil$W1$xVenegono$y1$mSL1.K IV 6/4$j267454$B257325$CSeMilBibl$Z2$F257325 $8I 961 $aSottoscrizione: Treccani, Istituto della Enciclopedia Italiana 961 $aBucca Anna Maria - Omaggio 996 $6245$aIl contributo italiano alla storia del pensiero: Economia$9(OLS)http://semarc/title/458317